Southville International School and Colleges
Your cart is empty.
  • Cart
  • Lists
    Public lists Eva Luna New books Lux_list list_1
    Your lists Log in to create your own lists
  • Log in to your account
  • Your cookies
  • Search history
Southville International School and Colleges
  • Advanced search
  • Recent comments
  • Most popular
  • Libraries

Log in to your account

Log in with GOOGLE


If you do not have an external account, but do have a local account, you can still log in:

  1. Home
  2. MARC view: Bears in the bath
Normal view MARC view ISBD view

Bears in the bath (Record no. 365737)

[ view plain ]
MARC details
000 -LEADER
fixed length control field 00531nam a22001817a 4500
003 - CONTROL NUMBER IDENTIFIER
control field 0
005 - DATE AND TIME OF LATEST TRANSACTION
control field 20231211094505.0
008 - FIXED-LENGTH DATA ELEMENTS--GENERAL INFORMATION
fixed length control field 231211b xxu||||| |||| 00| 0 eng d
020 ## - INTERNATIONAL STANDARD BOOK NUMBER
International Standard Book Number 978-1-4063-7266-3
050 ## - LIBRARY OF CONGRESS CALL NUMBER
Classification number ER
Item number Bea369 2016
082 ## - DEWEY DECIMAL CLASSIFICATION NUMBER
Classification number ER
Item number Bea369 2016
100 ## - MAIN ENTRY--PERSONAL NAME
Personal name Parenteau, Shirley
245 ## - TITLE STATEMENT
Title Bears in the bath
Statement of responsibility, etc Shirley Parenteau
260 ## - PUBLICATION, DISTRIBUTION, ETC. (IMPRINT)
Place of publication, distribution, etc London
Name of publisher, distributor, etc Walker Books and Subsidiaries
Date of publication, distribution, etc c2016.
300 ## - PHYSICAL DESCRIPTION
Extent unnumbered pages :
Other physical details colored illustrations ;
Dimensions 22cm.
650 ## - SUBJECT ADDED ENTRY--TOPICAL TERM
Topical term or geographic name as entry element Children's stories.
942 ## - ADDED ENTRY ELEMENTS (KOHA)
Source of classification or shelving scheme Dewey Decimal Classification
Koha item type Books
Holdings
Withdrawn status Lost status Source of classification or shelving scheme Damaged status Home library Current library Shelving location Date acquired Source of acquisition Sub Shelving location Total Checkouts Full call number Barcode Date last seen Price effective from Koha item type
    Dewey Decimal Classification   Munich Library Munich Library Easy Reading Section 12/11/2023 Library Fund     ER Bea369 2016 M8563 12/11/2023 12/11/2023 Books

Bears in the bath

APA

Parenteau S., . (2016). Bears in the bath. London: Walker Books and Subsidiaries.

Chicago

Parenteau Shirley, . 2016. Bears in the bath. London: Walker Books and Subsidiaries.

Harvard

Parenteau S., . (2016). Bears in the bath. London: Walker Books and Subsidiaries.

MLA

Parenteau Shirley, . Bears in the bath. London: Walker Books and Subsidiaries. 2016.

  • Place hold
  • Print
  • Cite
  • Add to your cart (remove)
  • Save record
    BIBTEX Dublin Core MARCXML MARC (non-Unicode/MARC-8) MARC (Unicode/UTF-8) MARC (Unicode/UTF-8, Standard) MODS (XML) RIS
  • More searches
    Search for this title in:
    Other Libraries (WorldCat) Other Databases (Google Scholar) Online Stores (Bookfinder.com) Open Library (openlibrary.org)

Exporting to Dublin Core...

SOUTHVILLE LIBRARY

Southville International School and Colleges Library

1281 Tropical Ave. Cor. Luxembourg St., BF Homes International, Las Pinas City

Tel. No. 8256374 / 252358 Loc. 117/146

Powered by Koha